| Tag |
First Indicator |
Second Indicator |
Subfields |
| LEADER |
00000pam a2200000 a 4500 |
| 001 |
in00000337129 |
| 005 |
20151011053919.0 |
| 008 |
821202s1983 mduac b 00110 eng |
| 010 |
|
|
|a 82022515
|
| 020 |
|
|
|a 0870216856 :
|c $22.95 (est.)
|
| 035 |
|
|
|a (OCoLC)09082880
|
| 035 |
|
|
|9 ABL8685AM
|
| 039 |
0 |
|
|a 2
|b 3
|c 3
|d 3
|e 3
|
| 040 |
|
|
|a DLC
|c DLC
|d UtOrBLW
|
| 043 |
|
|
|a n-us---
|
| 049 |
|
|
|a TXAM
|c 1 [1000119]
|a TXAS [mil]
|c 2
|
| 050 |
0 |
0 |
|a VB231.U54
|b D667 1983
|
| 082 |
0 |
|
|a 359.3/432/0973
|2 19
|
| 100 |
1 |
|
|a Dorwart, Jeffery M.,
|d 1944-
|
| 245 |
1 |
0 |
|a Conflict of duty :
|b the U.S. Navy's intelligence dilemma, 1919- 1945 /
|c Jeffery M. Dorwart.
|
| 264 |
|
1 |
|a Annapolis, Md. :
|b Naval Institute Press,
|c [1983]
|
| 264 |
|
4 |
|c ©1983
|
| 300 |
|
|
|a x, 262 pages :
|b illustrations, portraits ;
|c 24 cm.
|
| 336 |
|
|
|a text
|b txt
|2 rdacontent
|
| 337 |
|
|
|a unmediated
|b n
|2 rdamedia
|
| 338 |
|
|
|a volume
|b nc
|2 rdacarrier
|
| 500 |
|
|
|a Includes index.
|
| 504 |
|
|
|a Bibliography: pages [251]-254.
|
| 610 |
1 |
0 |
|a United States.
|b Office of Naval Intelligence
|x History
|y 20th century.
|
| 999 |
|
|
|a MARS
|
| 999 |
f |
f |
|s cd49abfa-f417-35cf-abbc-8940ed9546d7
|i 8dd9b218-ba78-31d0-bc82-4d072f3e8307
|t 0
|
| 952 |
f |
f |
|p normal
|a Texas A&M University
|b College Station
|c Sterling C. Evans Library
|d Evans: Library Stacks
|t 0
|e VB231 U54 D667 1983
|h Library of Congress classification
|i unmediated -- volume
|m A14807291463
|
| 952 |
f |
f |
|p noncirc
|a Texas A&M University
|b College Station
|c Cushing Memorial Library & Archives
|d Cushing: Ragan Military (Does not check out)
|t 0
|e VB231.U54 D667 1983
|h Library of Congress classification
|i unmediated -- volume
|
| 998 |
f |
f |
|a VB231.U54 D667 1983
|t 0
|l Cushing: Ragan Military (Does not check out)
|
| 998 |
f |
f |
|a VB231 U54 D667 1983
|t 0
|l Evans: Library Stacks
|